Can You Guess the Top Countries Norwegians Travel To? - Statistics

General Stats
  • This quiz has been taken 44 times
  • The average score is 16 of 20
Answer Stats
Rank Visitors from Norway Countries % Correct
3 725 000 Denmark
100%
17 87 000 Finland
100%
6 392 000 Germany
100%
2 1 327 000 Spain
100%
1 2 140 000 Sweden
100%
8 314 000 France
97%
7 344 000 Greece
97%
5 421 000 Italy
97%
4 576 000 United Kingdom
97%
10 174 000 United States
94%
9 251 000 Poland
92%
15 102 000 Portugal
92%
11 139 000 Netherlands
89%
13 122 000 Croatia
75%
16 90 000 Thailand
61%
18 64 000 Lithuania
56%
19 56 000 Latvia
53%
12 119 000 Türkiye
53%
14 109 000 Hungary
50%
20 49 000 Cyprus
36%
No matching quizzes found
Score Distribution
Percent of People with Each Score
Percentile by Number Answered
Your Score History
You have not taken this quiz